[Event "FICS rated blitz game"]
[Site "FICS freechess.org"]
[Date "2018.01.09"]
[Round "?"]
[White "ashups"]
[Black "foxone"]
[Result "1-0"]
[WhiteElo "1226"]
[BlackElo "1193"]
[PlyCount "73"]
[EventDate "2018.??.??"]
[EventType "blitz"]

1. e4 e5 2. Nf3 Nc6 3. c3 d6 4. Bc4 Bg4 5. d4 Be7 6. Bxf7+ Kxf7 7. Qb3+ Be6 8.
Qxb7 Bd7 9. dxe5 Nxe5 10. Nxe5+ dxe5 11. O-O Bd6 12. Nd2 Nf6 13. Nc4 Re8 14.
Nxd6+ cxd6 15. Bg5 Kf8 16. Bxf6 gxf6 17. f4 Re7 18. fxe5 dxe5 19. Rxf6+ Rf7 20.
Rxf7+ Kxf7 21. Qd5+ Kf6 22. Rf1+ Ke7 23. Qxe5+ Be6 24. Qg7+ Kd6 25. e5+ Kc6 26.
b4 Rc8 27. a4 Kb6 28. a5+ Ka6 29. Qg3 Kb7 30. Qf3+ Kb8 31. a6 Qb6+ 32. Kh1 Qxa6
33. Qe3 Qc6 34. Rf6 Qa6 35. h4 Re8 36. Qh6 Re7 37. Qf8+ {Black resigns} 1-0

[Event "FICS rated blitz game"]
[Site "FICS freechess.org"]
[Date "2018.01.09"]
[Round "?"]
[White "morts"]
[Black "aagen"]
[Result "1-0"]
[WhiteElo "1180"]
[BlackElo "1269"]
[PlyCount "81"]
[EventDate "2018.??.??"]
[EventType "blitz"]

1. e4 e5 2. Nf3 Nc6 3. c3 d6 4. d4 Bg4 5. d5 Nce7 6. Be2 Ng6 7. h3 Bd7 8. O-O
Nf6 9. Nbd2 c6 10. c4 Nf4 11. Nb3 Nxe2+ 12. Qxe2 Be7 13. Bg5 Nxd5 14. cxd5 Bxg5
15. Nxg5 Qxg5 16. dxc6 bxc6 17. Rac1 Bxh3 18. Qf3 Bg4 19. Qg3 Rc8 20. f3 Qe3+
21. Rf2 Qxc1+ 22. Nxc1 Bxf3 23. Qxf3 O-O 24. Rf1 Rc7 25. Nd3 g6 26. a3 f5 27.
Nb4 Rcf7 28. Qb3 d5 29. exd5 Kg7 30. Nxc6 e4 31. Nd4 f4 32. Ne6+ Kg8 33. Nxf8
Kxf8 34. d6 e3 35. Qb4 Ke8 36. Rxf4 e2 37. Re4+ Kd7 38. Rxe2 Rf6 39. Re7+ Kc6
40. Rc7+ Kd5 41. d7 {Black resigns} 1-0

[Event "FICS rated lightning game"]
[Site "FICS freechess.org"]
[Date "2018.01.09"]
[Round "?"]
[White "kungzeb"]
[Black "javierrivas"]
[Result "0-1"]
[WhiteElo "1795"]
[BlackElo "1783"]
[PlyCount "102"]
[EventDate "2018.??.??"]

1. e4 e5 2. Nf3 Nc6 3. c3 Bc5 4. d4 exd4 5. cxd4 Bb6 6. Bb5 Nge7 7. O-O O-O 8.
Re1 d6 9. Nc3 Bg4 10. Be3 Bxf3 11. Qxf3 Nxd4 12. Bxd4 Bxd4 13. Rad1 Bxc3 14.
bxc3 Ng6 15. Bd3 Ne5 16. Qe2 Nxd3 17. Rxd3 Qe7 18. Rg3 Rae8 19. Qg4 f6 20. h4
Rf7 21. h5 h6 22. Qg6 Kh8 23. f4 Rff8 24. e5 dxe5 25. fxe5 fxe5 26. Rge3 Rf6
27. Rxe5 Qxe5 28. Qxe8+ Qxe8 29. Rxe8+ Kh7 30. Re7 Rc6 31. Re3 b5 32. Kf2 a5
33. Kf3 Rc4 34. Rd3 c5 35. g4 b4 36. cxb4 axb4 37. a3 bxa3 38. Rxa3 Rb4 39. Kg3
c4 40. Kf3 Rb3+ 41. Rxb3 cxb3 42. Ke3 b2 43. Kd2 b1=Q 44. Ke3 Qb3+ 45. Kf4 Qc4+
46. Kg3 Qd4 47. Kh4 g6 48. Kh3 g5 49. Kg3 Kg7 50. Kf3 Kf6 51. Ke2 Qf4 {White
resigns} 0-1

[Event "FICS rated lightning game"]
[Site "FICS freechess.org"]
[Date "2018.01.09"]
[Round "?"]
[White "kungzeb"]
[Black "javierrivas"]
[Result "0-1"]
[WhiteElo "1795"]
[BlackElo "1783"]
[PlyCount "66"]
[EventDate "2018.??.??"]

1. e4 e5 2. Nf3 Nc6 3. c3 Bc5 4. d4 exd4 5. cxd4 Bb6 6. Bb5 Nge7 7. O-O O-O 8.
Re1 d6 9. d5 Ne5 10. Nxe5 dxe5 11. Nc3 Ng6 12. Be3 Bd7 13. Bxb6 axb6 14. a3 Qe8
15. Bxd7 Qxd7 16. Rc1 Ra5 17. Ne2 Rd8 18. Ng3 Rc5 19. Nf5 Ne7 20. Ne3 c6 21.
Rxc5 bxc5 22. Qb3 cxd5 23. exd5 Nxd5 24. Nxd5 Qxd5 25. Qxd5 Rxd5 26. f4 f6 27.
f5 Kf7 28. Rc1 Ke7 29. g4 Kd6 30. b4 b6 31. bxc5+ bxc5 32. Rb1 Kc6 33. Rb8 Rd1+
0-1

[Event "FICS rated blitz game"]
[Site "FICS freechess.org"]
[Date "2018.01.09"]
[Round "?"]
[White "morts"]
[Black "Viniciusebia"]
[Result "1-0"]
[WhiteElo "1201"]
[BlackElo "1239"]
[PlyCount "79"]
[EventDate "2018.??.??"]
[EventType "blitz"]

1. e4 e5 2. Nf3 Nc6 3. c3 Nf6 4. d3 Bc5 5. Be3 Bxe3 6. fxe3 d6 7. d4 O-O 8. d5
Ne7 9. Bd3 Ng6 10. O-O Bg4 11. Nbd2 c6 12. Qb3 c5 13. c4 Qa5 14. Qxb7 Rab8 15.
Qc6 Rxb2 16. Qxd6 Rxa2 17. Nb3 Qa4 18. Rxa2 Qxa2 19. Nxc5 Bxf3 20. Rxf3 Nh4 21.
Rf2 Qa1+ 22. Rf1 Qb2 23. Rf2 Qc1+ 24. Rf1 Qxe3+ 25. Kh1 Ng4 26. Qe7 Nf2+ 27.
Kg1 Nxd3+ 28. Kh1 Nf2+ 29. Kg1 Nxe4+ 30. Kh1 Qxc5 31. Qxh4 Qxc4 32. Re1 f5 33.
g4 Qxd5 34. gxf5 Nf2+ 35. Kg1 Qh1+ 36. Kxf2 Rxf5+ 37. Ke2 Qe4+ 38. Qxe4 Rf8 39.
Qxe5 h6 40. Kd3 1-0

[Event "FICS rated standard game"]
[Site "FICS freechess.org"]
[Date "2018.01.09"]
[Round "?"]
[White "hejkal"]
[Black "caryoscelus"]
[Result "0-1"]
[WhiteElo "1846"]
[BlackElo "1805"]
[PlyCount "100"]
[EventDate "2018.??.??"]

1. e4 e5 2. Nf3 Nc6 3. c3 a6 4. d4 exd4 5. Nxd4 Nxd4 6. cxd4 c5 7. Nc3 Qb6 8.
Nd5 Qd8 9. Be2 b6 10. e5 Bb7 11. dxc5 Bxc5 12. O-O h6 13. Be3 Ne7 14. Rc1 Nxd5
15. Bxc5 bxc5 16. Bf3 Ne3 17. fxe3 Bxf3 18. Qxf3 O-O 19. Rxc5 Qb6 20. Rd5 Qxb2
21. Qg3 Qxa2 22. Rd6 Kh7 23. Kh1 Rab8 24. Kg1 Rb1 25. h3 Rxf1+ 26. Kxf1 Qa1+
27. Kf2 f6 28. Qf4 Qxe5 29. Qd4 Qxd4 30. exd4 Ra8 31. Rxd7 a5 32. d5 a4 33. g3
a3 34. Re7 a2 35. Re1 a1=Q 36. Rxa1 Rxa1 37. Ke3 Kg6 38. Kd4 Kf7 39. Kc4 Ke7
40. h4 Kd6 41. h5 Ra5 42. Kd4 f5 43. Ke3 Kxd5 44. Kf4 Ke6 45. Ke3 Ke5 46. Kf3
Ra3+ 47. Kg2 Ke4 48. Kh2 Ra2+ 49. Kg1 Kf3 50. Kf1 Ra1# {White checkmated} 0-1

[Event "FICS rated blitz game"]
[Site "FICS freechess.org"]
[Date "2018.01.09"]
[Round "?"]
[White "Qdal"]
[Black "throwback"]
[Result "1-0"]
[WhiteElo "1372"]
[BlackElo "1638"]
[PlyCount "51"]
[EventDate "2018.??.??"]
[EventType "blitz"]

1. e4 e5 2. Nf3 Nc6 3. c3 d6 4. d4 Bd7 5. d5 Nb8 6. Be2 Nf6 7. h3 Be7 8. O-O
O-O 9. Nbd2 a5 10. Nh2 Na6 11. Bd3 Nc5 12. Bc2 Re8 13. Kh1 Bf8 14. f4 g6 15. f5
gxf5 16. exf5 Bg7 17. Ng4 Qe7 18. Nxf6+ Bxf6 19. Qg4+ Kh8 20. b4 axb4 21. cxb4
Na4 22. Ne4 Rg8 23. Qh5 Rg7 24. Qh6 Bh4 25. f6 Bxf6 26. Nxf6 {Black resigns}
1-0

[Event "FICS rated blitz game"]
[Site "FICS freechess.org"]
[Date "2018.01.09"]
[Round "?"]
[White "Uddo"]
[Black "BobbyFichas"]
[Result "1-0"]
[WhiteElo "1476"]
[BlackElo "1450"]
[PlyCount "59"]
[EventDate "2018.??.??"]
[EventType "blitz"]

1. e4 e5 2. Nf3 Nc6 3. c3 f5 4. d4 fxe4 5. Nxe5 Nxe5 6. dxe5 d5 7. exd6 Qxd6 8.
Qxd6 cxd6 9. Bb5+ Bd7 10. Bxd7+ Kxd7 11. O-O d5 12. Be3 a6 13. Nd2 Rc8 14. Nb3
Nf6 15. a3 Bd6 16. Rad1 Ke6 17. Rfe1 Ng4 18. h3 Nxe3 19. Rxe3 Rhf8 20. Nd4+ Ke5
21. Nf3+ Ke6 22. Ng5+ Ke5 23. Nxh7 Rf5 24. Rg3 Rg8 25. h4 Ke6 26. Rg6+ Kf7 27.
Rxd6 g5 28. Nxg5+ Rgxg5 29. hxg5 Rxg5 30. R6xd5 {Black resigns} 1-0

[Event "FICS rated blitz game"]
[Site "FICS freechess.org"]
[Date "2018.01.09"]
[Round "?"]
[White "laurieh"]
[Black "ghdmeriee"]
[Result "1-0"]
[WhiteElo "1584"]
[BlackElo "1393"]
[PlyCount "43"]
[EventDate "2018.??.??"]
[EventType "blitz"]

1. e4 e5 2. Nf3 Nc6 3. c3 Nf6 4. Bd3 d5 5. exd5 Nxd5 6. Bb5 Bd6 7. O-O Bd7 8.
Re1 Qf6 9. d4 e4 10. Rxe4+ Nde7 11. Bg5 Qf5 12. Bd3 Qa5 13. b4 Qb6 14. d5 Nd8
15. Be3 c5 16. dxc6 Qxc6 17. Nd4 Qc8 18. Na3 O-O 19. Nab5 Qb8 20. Nxd6 Qxd6 21.
Bf4 Qb6 22. Rxe7 1-0

[Event "FICS rated blitz game"]
[Site "FICS freechess.org"]
[Date "2018.01.09"]
[Round "?"]
[White "awitaliy"]
[Black "nikrathore"]
[Result "1-0"]
[WhiteElo "1356"]
[BlackElo "1143"]
[PlyCount "51"]
[EventDate "2018.??.??"]
[EventType "blitz"]

1. e4 e5 2. Nf3 Nc6 3. c3 Nf6 4. Bd3 d5 5. exd5 Nxd5 6. Be4 Bg4 7. h3 Bh5 8.
O-O Bd6 9. Bxd5 f5 10. Qc2 Bxf3 11. Bxf3 e4 12. Be2 Qf6 13. d4 O-O-O 14. b4 a6
15. a4 Ne7 16. f4 h6 17. b5 a5 18. b6 cxb6 19. Bb2 Bxf4 20. Rxf4 Nd5 21. Rf1
Ne3 22. Qd2 Nxf1 23. Bxf1 Rhe8 24. c4 e3 25. Qe2 f4 26. d5 1-0

[Event "FICS rated blitz game"]
[Site "FICS freechess.org"]
[Date "2018.01.09"]
[Round "?"]
[White "Kolendra"]
[Black "valli"]
[Result "1-0"]
[WhiteElo "1559"]
[BlackElo "1574"]
[PlyCount "45"]
[EventDate "2018.??.??"]
[EventType "blitz"]

1. e4 e5 2. Nf3 Nc6 3. c3 Bc5 4. d4 exd4 5. cxd4 Bb4+ 6. Nc3 d5 7. e5 Nge7 8.
Bd3 h6 9. O-O Bxc3 10. bxc3 O-O 11. Ba3 Re8 12. Bc2 Be6 13. Rb1 Rb8 14. Nh4 Nc8
15. Qd3 f5 16. Nxf5 Bxf5 17. Qxf5 Qg5 18. Qh7+ Kf7 19. f4 Qh5 20. f5 N8e7 21.
f6 Ke6 22. Bxe7 Nxe7 23. fxe7 1-0

[Event "FICS rated blitz game"]
[Site "FICS freechess.org"]
[Date "2018.01.09"]
[Round "?"]
[White "Fullball"]
[Black "MrScrumps"]
[Result "1-0"]
[WhiteElo "1197"]
[BlackElo "1251"]
[PlyCount "49"]
[EventDate "2018.??.??"]
[EventType "blitz"]

1. e4 e5 2. Nf3 Nc6 3. c3 Bc5 4. b4 Bb6 5. b5 Nce7 6. Nxe5 Nf6 7. Qf3 d6 8. Nc4
Bg4 9. Qf4 Ng6 10. Qg3 Nxe4 11. Qxg4 Nxf2 12. Qe2+ Qe7 13. Nxb6 axb6 14. Qxe7+
Nxe7 15. Kxf2 O-O 16. d4 Ng6 17. Be2 Rfe8 18. Bf3 Ne7 19. Bxb7 Rab8 20. Bf3 h6
21. Be3 Nf5 22. Re1 Re7 23. Bc6 Re6 24. d5 Rf6 25. Kg1 {Black resigns} 1-0

[Event "FICS rated blitz game"]
[Site "FICS freechess.org"]
[Date "2018.01.09"]
[Round "?"]
[White "Uddo"]
[Black "BobbyFichas"]
[Result "1-0"]
[WhiteElo "1490"]
[BlackElo "1436"]
[PlyCount "63"]
[EventDate "2018.??.??"]
[EventType "blitz"]

1. e4 e5 2. Nf3 Nc6 3. c3 f5 4. d4 fxe4 5. Nxe5 Nxe5 6. dxe5 d5 7. exd6 Qxd6 8.
Qxd6 cxd6 9. Bb5+ Bd7 10. Bxd7+ Kxd7 11. O-O Nf6 12. Be3 a6 13. Nd2 Be7 14. a3
Rad8 15. Rad1 d5 16. Nb3 Kc6 17. Nd4+ Kd6 18. Nf5+ Ke6 19. Nxg7+ Kf7 20. Nf5 h5
21. Bd4 Ng4 22. Bxh8 Rxh8 23. Nxe7 Kxe7 24. Rxd5 Nf6 25. Rd4 Rc8 26. Rfd1 Rc6
27. h3 Rb6 28. b4 Rc6 29. c4 b5 30. c5 Rc7 31. Rd6 Ne8 32. Rxa6 {Black resigns}
1-0

[Event "FICS rated standard game"]
[Site "FICS freechess.org"]
[Date "2018.01.09"]
[Round "?"]
[White "proximab"]
[Black "caryoscelus"]
[Result "1-0"]
[WhiteElo "1752"]
[BlackElo "1814"]
[PlyCount "84"]
[EventDate "2018.??.??"]

1. e4 e5 2. Nf3 Nc6 3. c3 d6 4. d4 exd4 5. cxd4 a6 6. d5 Ne5 7. Be2 h6 8. O-O
Be7 9. Nxe5 dxe5 10. Nc3 Nf6 11. Be3 O-O 12. h3 Bb4 13. Qd3 Bd7 14. a3 Bxc3 15.
Qxc3 Nxe4 16. Qxe5 Re8 17. Qf4 Nf6 18. Qd4 Re4 19. Qc5 b6 20. Qc1 Nxd5 21. Bf3
Re5 22. Bf4 Nxf4 23. Qxf4 Rf5 24. Qe4 Rb8 25. Rad1 Qe8 26. Qd3 Be6 27. Qxa6 Ra5
28. Qd3 Qa4 29. Qc3 Rc5 30. Qe3 Re8 31. Rd4 Qb5 32. Rb4 Qd7 33. Rd1 Qc8 34. Bb7
Qxb7 35. Qxc5 Qxg2+ 36. Kxg2 bxc5 37. Rb7 Re7 38. h4 Kh7 39. Rb8 Kg6 40. Rb5
Bb3 41. Rxb3 Kh5 42. Rd5+ Kxh4 {Black resigns} 1-0

[Event "FICS rated standard game"]
[Site "FICS freechess.org"]
[Date "2018.01.09"]
[Round "?"]
[White "bhekisipho"]
[Black "GerNah"]
[Result "1-0"]
[WhiteElo "1829"]
[BlackElo "1896"]
[PlyCount "117"]
[EventDate "2018.??.??"]

1. e4 e5 2. Nf3 Nc6 3. c3 Nf6 4. Bd3 d6 5. Bc2 Bg4 6. h3 Bh5 7. d4 exd4 8. cxd4
Nxd4 9. Qxd4 Bxf3 10. gxf3 c5 11. Qa4+ Qd7 12. Qxd7+ Kxd7 13. Ba4+ Kc7 14. Nc3
a6 15. Bf4 Be7 16. O-O-O Nh5 17. Nd5+ Kd8 18. Be3 f6 19. Nb6 Rb8 20. Bxc5 g5
21. Bxd6 Bxd6 22. Rxd6+ Kc7 23. Rhd1 Rhd8 24. Rxd8 Rxd8 25. Nd5+ Kb8 26. Kb1 b5
27. Bc2 h6 28. Nb4 Rxd1+ 29. Bxd1 Nf4 30. Nd5 Nxh3 31. Nxf6 Kc7 32. Ng4 h5 33.
Nh2 Nxf2 34. Be2 Kd6 35. Kc2 Nh3 36. a4 Nf4 37. Bf1 Ne6 38. axb5 axb5 39. Kc3
Kc6 40. Bh3 Nf4 41. Bf1 Ne6 42. b4 h4 43. Ng4 Kb6 44. e5 Kc6 45. Kd2 Nc7 46.
Ne3 Nd5 47. Nxd5 Kxd5 48. Bxb5 h3 49. e6 h2 50. e7 h1=Q 51. e8=Q Qh2+ 52. Kd1
Qh4 53. Bc6+ Kc4 54. Qe4+ Qxe4 55. Bxe4 Kxb4 56. Ke2 Ka5 57. Kf2 Kb5 58. Kg3
Kb4 59. Kg4 {Black resigns} 1-0

[Event "FICS rated blitz game"]
[Site "FICS freechess.org"]
[Date "2018.01.09"]
[Round "?"]
[White "mdutch"]
[Black "Charlioyte"]
[Result "1-0"]
[WhiteElo "1278"]
[BlackElo "1152"]
[PlyCount "61"]
[EventDate "2018.??.??"]
[EventType "blitz"]

1. e4 e5 2. Nf3 Nc6 3. c3 Nf6 4. d3 d6 5. Bg5 Bg4 6. h3 Bh5 7. g4 Bg6 8. Nh4
Be7 9. Nxg6 fxg6 10. Nd2 O-O 11. Nf3 h6 12. Bh4 h5 13. Ng5 d5 14. Ne6 Qe8 15.
Nxf8 Qxf8 16. Bxf6 Bxf6 17. exd5 Ne7 18. c4 c6 19. d6 Nc8 20. c5 b6 21. b4 bxc5
22. bxc5 a5 23. Bg2 Ra6 24. Qb3+ Kh8 25. Qb7 Ra7 26. Qxc6 Qd8 27. O-O hxg4 28.
Qe4 Nxd6 29. cxd6 Qxd6 30. Qxg6 Qxd3 31. Qxd3 {Black resigns} 1-0

[Event "FICS rated blitz game"]
[Site "FICS freechess.org"]
[Date "2018.01.09"]
[Round "?"]
[White "Fullball"]
[Black "mjmonday"]
[Result "1-0"]
[WhiteElo "1183"]
[BlackElo "1192"]
[PlyCount "55"]
[EventDate "2018.??.??"]
[EventType "blitz"]

1. e4 e5 2. Nf3 Nc6 3. c3 Nf6 4. d3 h6 5. b4 Be7 6. b5 Nb8 7. Nxe5 d6 8. Nf3
O-O 9. Be2 c6 10. a4 cxb5 11. axb5 Nbd7 12. Bb2 Nb6 13. Nbd2 Be6 14. c4 a6 15.
Bd4 axb5 16. Rxa8 Nxa8 17. cxb5 Bd7 18. Qb1 Qe8 19. O-O Bxb5 20. e5 dxe5 21.
Bxe5 Ng4 22. Re1 Nxe5 23. Nxe5 f6 24. Ng6 Qxg6 25. Qxb5 Bd6 26. Qd5+ Qf7 27.
Qxd6 Rd8 28. Qxd8+ {Black resigns} 1-0

[Event "FICS rated blitz game"]
[Site "FICS freechess.org"]
[Date "2018.01.09"]
[Round "?"]
[White "morts"]
[Black "hanty"]
[Result "1-0"]
[WhiteElo "1158"]
[BlackElo "1242"]
[PlyCount "95"]
[EventDate "2018.??.??"]
[EventType "blitz"]

1. e4 e5 2. Nf3 Nc6 3. c3 d6 4. d4 Nf6 5. dxe5 dxe5 6. Qc2 Bg4 7. Nbd2 Bc5 8.
Be2 O-O 9. O-O Ne7 10. Qb3 Bd6 11. Qxb7 Nh5 12. Bc4 Kh8 13. Ng5 Kg8 14. h3 Bd7
15. Qa6 h6 16. Ngf3 Nf4 17. Nh4 Neg6 18. Nf5 Bxf5 19. exf5 Ne7 20. Ne4 Nxf5 21.
Nxd6 cxd6 22. Bxf4 exf4 23. Rad1 Qg5 24. Bd5 Nh4 25. Qb7 Rab8 26. Qc6 Rb6 27.
Qd7 Ra6 28. b4 Rxa2 29. g4 Qg6 30. Bxa2 f3 31. Qxd6 Qg5 32. Qg3 Ng6 33. Rd5 Qf6
34. Rf5 Qxc3 35. Rxf3 Qxb4 36. Qc7 Qe4 37. Bxf7+ Rxf7 38. Qxf7+ Kh7 39. Kg2 Ne5
40. Qf5+ Qxf5 41. Rxf5 Ng6 42. Rf7 a5 43. Ra7 Ne5 44. Rxa5 Nc4 45. Ra4 Nb2 46.
Ra7 Nd3 47. Rd1 Nf4+ 48. Kg3 1-0

[Event "FICS rated blitz game"]
[Site "FICS freechess.org"]
[Date "2018.01.09"]
[Round "?"]
[White "morts"]
[Black "hanty"]
[Result "1-0"]
[WhiteElo "1174"]
[BlackElo "1223"]
[PlyCount "91"]
[EventDate "2018.??.??"]
[EventType "blitz"]

1. e4 e5 2. Nf3 Nc6 3. c3 d6 4. d3 Be7 5. Nbd2 Nf6 6. g3 Bg4 7. Bg2 O-O 8. O-O
h6 9. h3 Be6 10. d4 exd4 11. cxd4 d5 12. e5 Nd7 13. Qb3 f6 14. Qxb7 Na5 15. Qb5
c6 16. Qe2 fxe5 17. dxe5 Qc8 18. a3 Nb6 19. b4 Nb7 20. a4 Bxh3 21. a5 Nc4 22.
a6 Nd8 23. Nxc4 dxc4 24. Qxc4+ Kh8 25. Bf4 Bxg2 26. Kxg2 Ne6 27. Be3 c5 28. b5
Rb8 29. Rad1 Qc7 30. Qd5 Ng5 31. Nxg5 Bxg5 32. Bxg5 hxg5 33. Kg1 Rfd8 34. Qe6
Rxd1 35. Rxd1 Rxb5 36. Qe8+ Kh7 37. Qh5+ Kg8 38. Qxg5 Rb8 39. e6 Re8 40. Rd7
Qxd7 41. exd7 Re1+ 42. Kg2 Rd1 43. d8=Q+ Rxd8 44. Qxd8+ Kh7 45. Qc7 c4 46. Qxc4
{Black resigns} 1-0

[Event "FICS rated blitz game"]
[Site "FICS freechess.org"]
[Date "2018.01.09"]
[Round "?"]
[White "awitaliy"]
[Black "soopaman"]
[Result "0-1"]
[WhiteElo "1396"]
[BlackElo "1175"]
[PlyCount "98"]
[EventDate "2018.??.??"]
[EventType "blitz"]

1. e4 e5 2. Nf3 Nc6 3. c3 Bc5 4. Bd3 d6 5. h3 h6 6. O-O g5 7. Bc2 Be6 8. d4
exd4 9. cxd4 Bxd4 10. Nxd4 Nxd4 11. Qxd4 f6 12. e5 fxe5 13. Bg6+ Kd7 14. Qa4+
Kc8 15. Bh5 Nf6 16. Nc3 Nxh5 17. Nb5 a6 18. Nc3 Nf4 19. Be3 Bd7 20. Qc2 g4 21.
h4 h5 22. g3 Ne6 23. Ne4 Bc6 24. Ng5 Qf6 25. Qe2 Ng7 26. Rfc1 Nf5 27. Rc3 Kd7
28. Rd1 Raf8 29. Rxc6 bxc6 30. a3 a5 31. b4 axb4 32. axb4 d5 33. b5 d4 34.
bxc6+ Kxc6 35. Qc4+ Kd7 36. Qd5+ Qd6 37. Qb5+ Ke7 38. Bd2 Rb8 39. Qe2 Rhf8 40.
Nh7 Rf7 41. Bg5+ Ke6 42. Qa2+ Kd7 43. Qxf7+ Ne7 44. Nf6+ Qxf6 45. Bxf6 Re8 46.
Rc1 c6 47. Bxe7 Rxe7 48. Qf5+ Re6 49. Qe4 Kd6 0-1

[Event "FICS rated blitz game"]
[Site "FICS freechess.org"]
[Date "2018.01.09"]
[Round "?"]
[White "BiH"]
[Black "VPolevikov"]
[Result "0-1"]
[WhiteElo "1640"]
[BlackElo "1692"]
[PlyCount "84"]
[EventDate "2018.??.??"]
[EventType "blitz"]

1. e4 e5 2. Nf3 Nc6 3. c3 g6 4. d4 exd4 5. cxd4 d6 6. Nc3 Bg7 7. Be3 Nge7 8. h3
O-O 9. a3 h6 10. Bd3 f5 11. Qd2 Kh7 12. O-O fxe4 13. Bxe4 Bf5 14. Rad1 Bxe4 15.
Nxe4 Nf5 16. g4 Qe7 17. gxf5 Qxe4 18. fxg6+ Qxg6+ 19. Ng5+ hxg5 20. Kh2 Qh5 21.
Rg1 Rf3 22. Rg3 g4 23. Qc2+ Kh8 24. Rdg1 Raf8 25. Qe4 Bxd4 26. Bxd4+ Nxd4 27.
Qxd4+ Kh7 28. Qxg4 Qxg4 29. Rxg4 Rxf2+ 30. R1g2 Rxg2+ 31. Rxg2 c6 32. h4 d5 33.
Kh3 Rf3+ 34. Kg4 Rf1 35. Kg5 d4 36. h5 c5 37. Kh4 b5 38. Kg3 c4 39. Rd2 d3 40.
Kg2 Rf5 41. Kg3 Rxh5 42. Kf4 Rd5 0-1

[Event "FICS rated blitz game"]
[Site "FICS freechess.org"]
[Date "2018.01.09"]
[Round "?"]
[White "zbobi"]
[Black "lakicevic"]
[Result "1-0"]
[WhiteElo "1523"]
[BlackElo "1405"]
[PlyCount "75"]
[EventDate "2018.??.??"]
[EventType "blitz"]

1. e4 e5 2. Nf3 Nc6 3. c3 Nf6 4. Bc4 Nxe4 5. Qb3 Qf6 6. Bd5 Nxf2 7. Kxf2 Ne7 8.
Be4 c6 9. Re1 d5 10. Bc2 e4 11. Bxe4 dxe4 12. Rxe4 Be6 13. Qxb7 Rc8 14. d3 Bd5
15. Re3 g5 16. Rxe7+ Bxe7 17. Qxc8+ Bd8 18. Bxg5 Qd6 19. Nbd2 O-O 20. Bxd8 Rxd8
21. Qg4+ Kh8 22. Kg1 Qe7 23. Re1 Qc5+ 24. d4 Qb6 25. b4 Rg8 26. Qf5 Rg6 27.
Re8+ Kg7 28. Qe5+ Kh6 29. Qf4+ Kg7 30. Nh4 Rf6 31. Qg5+ Rg6 32. Nxg6 hxg6 33.
Qe5+ f6 34. Qe7+ Bf7 35. Rd8 Qa6 36. Ne4 Qxa2 37. Qxf6+ Kh6 38. Qh4+ 1-0

[Event "FICS rated blitz game"]
[Site "FICS freechess.org"]
[Date "2018.01.09"]
[Round "?"]
[White "bukowskic"]
[Black "emmanuelde"]
[Result "1-0"]
[WhiteElo "1651"]
[BlackElo "1610"]
[PlyCount "61"]
[EventDate "2018.??.??"]
[EventType "blitz"]

1. e4 e5 2. c3 Nc6 3. Nf3 Bc5 4. d4 exd4 5. cxd4 Bb6 6. Bb5 d6 7. Bxc6+ bxc6 8.
O-O Bg4 9. Qd3 Nf6 10. Nc3 Qe7 11. e5 dxe5 12. Nxe5 Qe6 13. Re1 O-O 14. Bg5 Bf5
15. Qd2 Qd6 16. Be3 Rfd8 17. Nf3 Ba5 18. Rad1 Ne4 19. Qc1 Rab8 20. a3 Bg4 21.
b4 Nxc3 22. Qxc3 Bb6 23. a4 a6 24. a5 Ba7 25. Rb1 Bxf3 26. gxf3 Qg6+ 27. Kh1
Rd5 28. Rg1 Qh5 29. Rg3 Rf5 30. d5 Bxe3 31. Qxg7# {Black checkmated} 1-0

[Event "FICS rated blitz game"]
[Site "FICS freechess.org"]
[Date "2018.01.09"]
[Round "?"]
[White "franguly"]
[Black "pholki"]
[Result "0-1"]
[WhiteElo "1368"]
[BlackElo "1343"]
[PlyCount "94"]
[EventDate "2018.??.??"]
[EventType "blitz"]

1. e4 e5 2. Nf3 Nc6 3. c3 d6 4. d4 Be7 5. Bb5 exd4 6. cxd4 Bd7 7. d5 Ne5 8.
Bxd7+ Qxd7 9. Nxe5 dxe5 10. O-O Bd6 11. f4 Nf6 12. fxe5 Bxe5 13. Nc3 O-O 14.
Qd3 Rad8 15. Bg5 h6 16. Bh4 c5 17. Rf3 Rc8 18. Raf1 Bd4+ 19. Kh1 Nh7 20. b3 b5
21. Nxb5 Qg4 22. Rf4 Qd7 23. Nxd4 cxd4 24. Qxd4 Qb7 25. Rg4 f6 26. Qd2 Ng5 27.
Bxg5 fxg5 28. Qe2 Qd7 29. Rg3 Rxf1+ 30. Qxf1 Rf8 31. Qe2 Qe7 32. Rf3 Rc8 33. h3
Qe5 34. Rf1 Rd8 35. Qd1 Qxe4 36. Re1 Qf4 37. Re2 h5 38. Rd2 g4 39. hxg4 hxg4
40. d6 Qh6+ 41. Kg1 g3 42. Kf1 Rf8+ 43. Ke2 Rf2+ 44. Kd3 Qxd6+ 45. Kc3 Qc6+ 46.
Kb2 Qf6+ 47. Kb1 Qf5+ 0-1

[Event "FICS rated blitz game"]
[Site "FICS freechess.org"]
[Date "2018.01.09"]
[Round "?"]
[White "FoxTerrier"]
[Black "Kalaharie"]
[Result "1-0"]
[WhiteElo "1544"]
[BlackElo "1302"]
[PlyCount "77"]
[EventDate "2018.??.??"]
[EventType "blitz"]

1. e4 Nc6 2. Nf3 e5 3. c3 d6 4. h3 Be7 5. d4 exd4 6. cxd4 Nf6 7. Nc3 O-O 8. Bb5
Bd7 9. O-O Nb8 10. Bd3 a6 11. a3 c5 12. dxc5 dxc5 13. Bg5 Bc6 14. Qe2 h6 15.
Bh4 g5 16. Bg3 Re8 17. Rfd1 Bd6 18. Bxd6 Qxd6 19. Bc2 Qc7 20. e5 Nh7 21. Qd3
Nd7 22. Qxh7+ Kf8 23. e6 Nf6 24. Qxh6+ Ke7 25. exf7 Kxf7 26. Nxg5+ Ke7 27. Re1+
Kd8 28. Qxf6+ Kc8 29. Rxe8+ Bxe8 30. Bf5+ Kb8 31. Nd5 Qc6 32. Qxc6 bxc6 33. Nb6
Ra7 34. Nc4 Kc7 35. Ne6+ Kb8 36. Rd1 Rf7 37. Bg4 Rb7 38. Rd8+ Ka7 39. Rxe8 {
Black resigns} 1-0

[Event "FICS rated blitz game"]
[Site "FICS freechess.org"]
[Date "2018.01.09"]
[Round "?"]
[White "BiH"]
[Black "slapymex"]
[Result "0-1"]
[WhiteElo "1661"]
[BlackElo "1642"]
[PlyCount "104"]
[EventDate "2018.??.??"]
[EventType "blitz"]

1. e4 e5 2. Nf3 Nc6 3. c3 Nf6 4. d4 d6 5. d5 Nb8 6. Bd3 Be7 7. h3 O-O 8. c4 h6
9. Nc3 a6 10. a4 Nbd7 11. b4 c6 12. Be3 Qc7 13. Rc1 Re8 14. O-O a5 15. b5 c5
16. Ne2 b6 17. Ng3 Nf8 18. Qd2 Kh8 19. Nh4 Ng8 20. Nhf5 Bxf5 21. Nxf5 Bf6 22.
g4 Kh7 23. Kg2 Ng6 24. Kg3 N8e7 25. Bxh6 Nxf5+ 26. gxf5 gxh6 27. fxg6+ fxg6 28.
h4 Qe7 29. Rh1 h5 30. Qe2 Bg7 31. Rcf1 Bh6 32. Kg2 Rf8 33. Rh3 Rf4 34. Rfh1
Raf8 35. f3 Qf6 36. Qf2 Qf7 37. Qg3 Rf6 38. Rf1 Bf4 39. Qf2 Bh6 40. Rg3 Rf4 41.
Rh3 Qf6 42. Kh2 Rf7 43. Kg3 Bf8 44. Rfh1 Be7 45. Kg2 Qg7 46. Bc2 Qh6 47. Qg3
R4f6 48. Qg5 Qxg5+ 49. hxg5 Rf4 50. Rg3 Kg7 51. Bd1 Rf8 52. Rf1 Rh8 0-1

[Event "FICS rated blitz game"]
[Site "FICS freechess.org"]
[Date "2018.01.09"]
[Round "?"]
[White "bukowskic"]
[Black "tsaar"]
[Result "1-0"]
[WhiteElo "1608"]
[BlackElo "1627"]
[PlyCount "121"]
[EventDate "2018.??.??"]
[EventType "blitz"]

1. e4 e5 2. c3 Nc6 3. Nf3 d6 4. Bb5 Bd7 5. Bxc6 Bxc6 6. Qe2 Qd7 7. d4 exd4 8.
cxd4 O-O-O 9. O-O Bb5 10. Qe1 Bxf1 11. Qxf1 Re8 12. Nc3 Nf6 13. e5 dxe5 14.
dxe5 Nd5 15. Nxd5 Qxd5 16. Bf4 Rd8 17. Qe2 Bc5 18. b3 Rhe8 19. Rc1 f6 20. Qc2
Bb6 21. exf6 gxf6 22. Be3 Rg8 23. Bxb6 c6 24. Bxd8 Qxf3 25. g3 Rxd8 26. Qxh7
Rd1+ 27. Rxd1 Qxd1+ 28. Kg2 Qd5+ 29. f3 a5 30. Qh3+ Kc7 31. Qh7+ Kb6 32. Qc2 f5
33. Qf2+ Kc7 34. Qc2 Qe5 35. h3 Qe1 36. Qf2 Qe5 37. Qd2 b6 38. Qf4 Qxf4 39.
gxf4 Kd6 40. Kf2 c5 41. Ke3 b5 42. Kd3 Kd5 43. h4 Ke6 44. a3 Kf6 45. b4 cxb4
46. axb4 a4 47. Kd4 Kg6 48. Ke5 Kh5 49. Kd4 Kxh4 50. Kc5 Kg3 51. Kxb5 a3 52.
Kc6 a2 53. b5 a1=Q 54. b6 Qc3+ 55. Kd7 Qd4+ 56. Kc7 Qc5+ 57. Kb7 Kxf4 58. Ka7
Qa5+ 59. Kb7 Kxf3 60. Kc7 Qc5+ 61. Kb7 1-0